Features on euro coinage - Statistics

General Stats
  • This quiz has been taken 27 times
  • The average score is 5 of 20
Answer Stats
Picture Answer % Correct
Harp
92%
Mozart
77%
Pope Francis
73%
Estonia
69%
Brandenburg Gate
58%
Oak
38%
Vitruvian Man
27%
Trireme
23%
Albert II, Prince of Monaco
12%
Bratislava Castle
12%
Miguel de Cervantes
12%
Phillipe of Belgium
12%
Athens Tetradrachm
8%
Henri of Luxembourg
8%
Santiago de Compostela Cathedral
8%
Bertha von Suttner
4%
Mnajdra
4%
Primož Trubar
4%
Saint Marinus
4%
Mouflon
0%
No matching quizzes found
Score Distribution
Percent of People with Each Score
Percentile by Number Answered
Your Score History
You have not taken this quiz